00653nam a2200205Ia 4500008004100000020002200041050001700063050001400080100002000094245003300114245012400147245002000271260001700291260002600308260000900334300001600343300002000359300001100379650005700390160404s9999 xx 000 0 und d a978-971-98-0192-4 aFIL HF 5635  b.A38 2014 aAduana, Nick L. aFundamentals of accounting : bsole proprietorship accounting for service and merchandising with introduction to manufacturing (procedural approach) / cNick L. Aduana. aQuezon City: bC&E Publishing, Inc.  c2014 a512 pages : billustrations ; c26 cm. a1. Accounting. 2. Accounting -- Sole proprietorship.